Podnikanie na základe živnostenského oprávnenia bakalárska práca

Gespeichert in:
Bibliographische Detailangaben
1. Verfasser: Uhlárová, Tatiana
Körperschaft: Fakulta podnikového manažmentu EU. Katedra podnikovohospodárska
Weitere Verfasser: Kissová, Jana, 1979-
Format: Buch
Sprache:Slowakisch
Veröffentlicht: Bratislava 2010
Tags: Tag hinzufügen
Keine Tags, Fügen Sie das erste Tag hinzu!

MARC

LEADER 00000nbm a2200000 4500
001 0133483
005 20161109111530.7
041 0 |a slo 
044 |a SK 
245 1 0 |a Podnikanie na základe živnostenského oprávnenia  |b bakalárska práca  |c Tatiana Uhlárová ; školiteľ: Jana Kissová 
264 1 |a Bratislava  |c 2010 
300 |a 36 s. 
100 1 |a Uhlárová, Tatiana 
700 1 |a Kissová, Jana, 1979- 
710 2 |a Fakulta podnikového manažmentu EU. Katedra podnikovohospodárska